Meister Regionalliga Nordost - Statistiken

Allgemein
  • Dieses Quiz wurde 121 mal gespielt
    60 seit der letzten Aktualisierung
  • Das Durchschnittsergebnis liegt bei 11 aus 13
Antwortstatistiken
Saison Meister % Korrekt
2023/24 Energie Cottbus
100%
2022/23 Energie Cottbus
100%
2017/18 Energie Cottbus
100%
2024/25 1. FC Lok Leipzig
95%
2016/17 Carl Zeiss Jena
95%
2019/20 Lok Leipzig
95%
2018/19 Chemnitzer FC
93%
2014/15 1. FC Magdeburg
81%
2015/16 FSV Zwickau
79%
2021/22 BFC Dynamo
74%
2012/13 RB Leipzig
74%
2020/21 Viktoria Berlin
65%
2013/14 TSG Neustrelitz
44%
Keine übereinstimmenden Quizze gefunden
Verteilung der Resultate
Anzahl Personen mit jedem Resultat
Perzentil nach korrekt beantworteten Fragen
Ihre Resultats-Entwicklung
Sie haben dieses Quiz seit der letzten Aktualisierung nicht gespielt